Log of the liberators : an illustrated history of the B-24 /

Bibliographic Details
Main Author: Birdsall, Steve
Format: Book
Language:English
Published: Garden City, N.Y. : Doubleday, 1973.
Subjects:

MARC

Tag First Indicator Second Indicator Subfields
LEADER 00000cam a2200000 a 4500
001 in00000990213
005 20150927180152.0
008 730705s1973 nyua b 00100 eng
010 |a  74173267  
020 |a 0385038704 
035 |a (OCoLC)00672876 
035 |9 AEY9355AM 
040 |a DLC  |c DLC  |d m.c.  |d UtOrBLW 
043 |a n-us--- 
049 |a TXAS [mil] 
050 0 0 |a TL685.3  |b .B52 
082 0 |a 940.54/49/73 
090 |a TL685.3  |b .B52 1973 
100 1 |a Birdsall, Steve. 
245 1 0 |a Log of the liberators :  |b an illustrated history of the B-24 /  |c Steve Birdsall ; color illustrations by John Preston. 
264 1 |a Garden City, N.Y. :  |b Doubleday,  |c 1973. 
300 |a x, 340 pages :  |b illustrations ;  |c 27 cm. 
336 |a text  |b txt  |2 rdacontent 
337 |a unmediated  |b n  |2 rdamedia 
338 |a volume  |b nc  |2 rdacarrier 
504 |a Bibliography: pages [322]-323. 
500 |a Includes index. 
650 0 |a B-24 (Bomber) 
650 0 |a World War, 1939-1945  |x Aerial operations, American. 
999 |a MARS 
999 f f |s ae94a6fe-ef3b-388e-8127-5b51c3bf49e5  |i 99448ea9-a2ef-34b8-8216-e02c8a0320a7  |t 0 
952 f f |p noncirc  |a Texas A&M University  |b College Station  |c Cushing Memorial Library & Archives  |d Cushing: Ragan Military (Does not check out)  |t 0  |e TL685.3 .B52 1973  |h Library of Congress classification  |i unmediated -- volume 
952 f f |p normal  |a Texas A&M University  |b College Station  |c Sterling C. Evans Library  |d Evans: Library Stacks  |t 0  |e TL685.3 .B52 1973  |h Library of Congress classification  |i unmediated -- volume  |m A14834162174 
998 f f |a TL685.3 .B52 1973  |t 0  |l Cushing: Ragan Military (Does not check out) 
998 f f |a TL685.3 .B52 1973  |t 0  |l Evans: Library Stacks